| 000 | 00769nam a2200205Ii 4500 | ||
|---|---|---|---|
| 003 | JO-AjNU | ||
| 008 | 230605s9999||||xx |||||||||||||| ||und|| | ||
| 040 |
_aJO-AjNU _bara _erda _cJO-AjNU |
||
| 041 | _aara | ||
| 050 | 1 | 4 | _aBS2860.B4.A712 2005 |
| 100 | 3 |
_aترجمة: راغ، لونسدال ، لورا راغ ، خليل سعادة ؛ تقديم: محمد رشيد ؛ تقديم وتحقيق وتعليق:احمد حجازي السقا , _eauthor _935292 |
|
| 245 | 0 | 0 | _aإنجيل برنابا = Gospel of Barnaba |
| 250 | _aط1 | ||
| 264 | 3 | 1 | _aاربد: مكتبة دار الامل، 2005 |
| 300 | _a352ص | ||
| 336 |
_atext _btxt _2rdacontent |
||
| 337 |
_aunmediated _bn _2rdamedia |
||
| 338 |
_avolume _bnc _2rdacarrier |
||
| 650 | 4 |
_aالانجيل _935293 |
|
| 999 |
_aA14556 _c18124 _d18124 |
||